| 000 | 00751nam a2200301Ia 4500 | ||
|---|---|---|---|
| 001 | Z_5446 | ||
| 003 | CHAP | ||
| 008 | 220113s2=00 xx 000 0 und d | ||
| 010 | _a168523 | ||
| 020 | _a0-8247-0631-5 | ||
| 040 | _cCHAP | ||
| 082 | _a581.498 W35 2002 | ||
| 100 |
_aWaisel, Yoav _9120814 |
||
| 245 |
_aPlant roots : the hidden half / _ced. by Yoav Waisel |
||
| 250 | _a3 ed. | ||
| 260 |
_aNew York : _bMarcel Dekker, _c2002 |
||
| 300 |
_a1120 p. : _bilus. |
||
| 650 |
_aRaíces _994670 |
||
| 650 |
_aRaíces _xAnatomía _994671 |
||
| 650 |
_aRaíces _xEnfermedades _994673 |
||
| 650 |
_aRaíces _xPlagas _994676 |
||
| 901 | _a581.498 W35 2002 | ||
| 902 | _aM | ||
| 910 | _a2=00 | ||
| 942 | _c1 | ||
| 942 | _cc1 | ||
| 999 |
_c168523 _d168523 |
||